00676nam a2200205Ia 4500008004100000020001500041082001700056100001400073245002800087250000800115260002900123300000800152500002400160650001600184700003400200942000700234952010600241952010600347999001700453230524s9999 xx 000 0 und d a8121920940 a621.381bBAG aM.K.Bagde 0aElements of Electronics a5TH aNEW DELHIbS.Chandc2002 a354 aQuantity Number: 2 aElectronics a" S.P.Singh , Kamal Singh,,," cBK 00104070aTATCLbTATCLcGENd2023-05-24l0o621.381 BAGp7470r2023-05-24w2023-05-24yBKzPCEE4204 00104070aTATCLbTATCLcGENd2023-05-24l0o621.381 BAGp7471r2023-05-24w2023-05-24yBKzPCEE4204 c10364d10364